Every Premier League players - 2024/2025 - Statistics

General Stats
  • This quiz has been taken 1,058 times
  • The average score is 233 of 557
Answer Stats
Team Position Players National Number % Correct
Wolverhampton Wanderers Goalkeeper José Sá 1
96%
Arsenal FC Goalkeeper David Raya 22
93%
Arsenal FC Defender Gabriel Magalhães 6
90%
Aston Villa Goalkeeper Emiliano Martínez 23
88%
Arsenal FC Defender William Saliba 2
88%
Arsenal FC Forward Bukayo Saka 7
87%
Arsenal FC Midfielder Declan Rice 41
87%
Arsenal FC Forward Gabriel Jesus 9
87%
Manchester United Defender Lisandro Martínez 6
87%
Arsenal FC Midfielder Martin Ødegaard 8
87%
Arsenal FC Forward Gabriel Martinelli 11
85%
Arsenal FC Manager Mikel Arteta
85%
Arsenal FC Forward Kai Havertz 29
84%
Arsenal FC Defender Oleksandr Zinchenko 17
84%
Aston Villa Midfielder Amadou Onana 24
82%
Manchester United Goalkeeper André Onana 24
82%
Arsenal FC Defender Ben White 4
82%
Arsenal FC Forward Leandro Trossard 19
82%
Arsenal FC Midfielder Thomas Partey 5
82%
Nottingham Forest Midfielder Morgan Gibbs-White 10
81%
Arsenal FC Defender Riccardo Calafiori 33
81%
Manchester United Midfielder Bruno Fernandes 8
80%
Chelsea FC Forward Pedro Neto 7
80%
Liverpool FC Goalkeeper Alisson 1
79%
Tottenham Hotspur Defender Micky van de Ven 37
79%
Liverpool FC Forward Mohamed Salah 11
79%
Arsenal FC Goalkeeper Neto 32
79%
Aston Villa Forward Ollie Watkins 11
78%
Liverpool FC Defender Virgil van Dijk 4
78%
Manchester City Forward Erling Haaland 9
77%
Arsenal FC Midfielder Jorginho 20
76%
Arsenal FC Defender Kieran Tierney 3
76%
Liverpool FC Forward Luis Díaz 7
76%
Manchester City Defender Rúben Dias 3
76%
Liverpool FC Defender Andrew Robertson 26
75%
Manchester City Midfielder Bernardo Silva 20
75%
Manchester City Goalkeeper Ederson 31
75%
Arsenal FC Defender Jurrien Timber 12
75%
Arsenal FC Midfielder Mikel Merino 23
75%
Chelsea FC Midfielder Cole Palmer 20
74%
Liverpool FC Forward Darwin Núñez 9
74%
Chelsea FC Midfielder Enzo Fernández 8
74%
Tottenham Hotspur Forward Heung-min Son 7
74%
Manchester City Defender Rico Lewis 82
74%
Ipswich Town Goalkeeper Alex Palmer 31
73%
Liverpool FC Forward Diogo Jota 20
73%
Arsenal FC Defender Jakub Kiwior 15
73%
Manchester City Midfielder Kevin De Bruyne 17
73%
Fulham FC Manager Marco Silva
73%
Arsenal FC Defender Myles Lewis-Skelly 49
73%
Chelsea FC Goalkeeper Robert Sánchez 1
73%
Arsenal FC Defender Takehiro Tomiyasu 18
73%
Liverpool FC Defender Trent Alexander-Arnold 66
73%
Liverpool FC Midfielder Alexis Mac Allister 10
72%
Liverpool FC Defender Ibrahima Konaté 5
72%
Aston Villa Midfielder John McGinn 7
72%
Nottingham Forest Forward Jota Silva 20
72%
Chelsea FC Midfielder Moisés Caicedo 25
72%
Manchester City Midfielder Rodri 16
72%
Aston Villa Midfielder Youri Tielemans 8
72%
Aston Villa Defender Matty Cash 2
71%
Chelsea FC Forward Nicolas Jackson 15
71%
Newcastle United Forward Alexander Isak 14
70%
Liverpool FC Forward Cody Gakpo 18
70%
Liverpool FC Midfielder Dominik Szoboszlai 8
70%
Manchester City Manager Pep Guardiola
70%
Manchester City Forward Phil Foden 47
70%
Aston Villa Manager Unai Emery
70%
Liverpool FC Manager Arne Slot
69%
Manchester United Defender Harry Maguire 5
69%
Manchester City Defender John Stones 5
69%
Aston Villa Forward Leon Bailey 31
69%
Aston Villa Forward Marcus Rashford 9
69%
Chelsea FC Defender Reece James 24
69%
Liverpool FC Midfielder Wataru Endo 3
69%
Manchester United Forward Alejandro Garnacho 17
68%
Everton FC Goalkeeper Jordan Pickford 1
68%
Manchester United Forward Rasmus Højlund 9
68%
Liverpool FC Midfielder Curtis Jones 17
67%
Brighton & Hove Albion Midfielder Diego Gómez 25
67%
Liverpool FC Forward Federico Chiesa 14
67%
Manchester City Midfielder İlkay Gündoğan 19
67%
Leicester City Forward Jamie Vardy 9
67%
Manchester City Forward Jérémy Doku 11
67%
Liverpool FC Defender Joe Gomez 2
67%
Manchester City Defender Josko Gvardiol 24
67%
Manchester City Defender Manuel Akanji 25
67%
Aston Villa Defender Pau Torres 14
67%
Liverpool FC Goalkeeper Caoimhín Kelleher 62
66%
Manchester United Midfielder Christian Eriksen 14
66%
AFC Bournemouth Goalkeeper Kepa Arrizabalaga 13
66%
Manchester City Midfielder Mateo Kovacic 8
66%
Chelsea FC Forward Mykhaylo Mudryk 10
66%
Manchester City Defender Nathan Aké 6
66%
Manchester City Forward Omar Marmoush 7
66%
Brentford FC Forward Bryan Mbeumo 19
65%
Aston Villa Defender Ezri Konsa 4
65%
Liverpool FC Defender Konstantinos Tsimikas 21
65%
Chelsea FC Defender Marc Cucurella 3
65%
Liverpool FC Midfielder Ryan Gravenberch 38
65%
Manchester United Midfielder Casemiro 18
64%
Crystal Palace Goalkeeper Dean Henderson 1
64%
Arsenal FC Midfielder Ethan Nwaneri 53
64%
Manchester City Forward Jack Grealish 10
64%
Brighton & Hove Albion Forward Kaoru Mitoma 22
64%
Newcastle United Goalkeeper Nick Pope 22
64%
Ipswich Town Defender Ben Johnson 18
63%
Tottenham Hotspur Forward Brennan Johnson 22
63%
Newcastle United Midfielder Bruno Guimarães 39
63%
Manchester United Defender Diogo Dalot 20
63%
Aston Villa Defender Lucas Digne 12
63%
Arsenal FC Forward Raheem Sterling 30
63%
Manchester United Manager Ruben Amorim
63%
Manchester United Defender Victor Lindelöf 2
63%
Crystal Palace Midfielder Eberechi Eze 10
62%
AFC Bournemouth Defender Milos Kerkez 3
62%
Tottenham Hotspur Forward Richarlison 9
62%
Nottingham Forest Forward Chris Wood 11
61%
Tottenham Hotspur Defender Cristian Romero 17
61%
Tottenham Hotspur Goalkeeper Guglielmo Vicario 1
61%
Liverpool FC Midfielder Harvey Elliott 19
61%
Crystal Palace Forward Ismaïla Sarr 7
61%
Crystal Palace Forward Jean-Philippe Mateta 14
61%
Manchester United Forward Joshua Zirkzee 11
61%
Manchester United Defender Matthijs de Ligt 4
61%
Southampton FC Defender Nathan Wood 15
61%
Tottenham Hotspur Midfielder Pape Matar Sarr 29
61%
Newcastle United Midfielder Sandro Tonali 8
61%
Manchester City Forward Savinho 26
61%
Aston Villa Defender Tyrone Mings 5
61%
Fulham FC Goalkeeper Bernd Leno 1
60%
Newcastle United Forward Callum Wilson 9
60%
Fulham FC Forward Harry Wilson 8
60%
Manchester United Midfielder Manuel Ugarte 25
60%
Manchester City Goalkeeper Stefan Ortega 18
60%
Brentford FC Forward Yoane Wissa 11
60%
AFC Bournemouth Defender Adam Smith 15
59%
Manchester United Forward Amad Diallo 16
59%
Newcastle United Forward Anthony Gordon 10
59%
Newcastle United Defender Fabian Schär 5
59%
Brighton & Hove Albion Forward João Pedro 9
59%
Aston Villa Goalkeeper Robin Olsen 25
59%
Brentford FC Defender Sepp van den Berg 4
59%
Manchester City Defender Abdukodir Khusanov 45
58%
Manchester United Midfielder Mason Mount 7
58%
Manchester City Forward Oscar Bobb 52
58%
Chelsea FC Manager Enzo Maresca
57%
Brentford FC Forward Gustavo Nunes 39
57%
Newcastle United Midfielder Joelinton 7
57%
Manchester United Midfielder Kobbie Mainoo 37
57%
Manchester City Midfielder Matheus Nunes 27
57%
Brighton & Hove Albion Goalkeeper Bart Verbruggen 1
56%
Liverpool FC Defender Conor Bradley 84
56%
Tottenham Hotspur Midfielder Dejan Kulusevski 21
56%
Tottenham Hotspur Midfielder James Maddison 10
56%
Manchester United Defender Leny Yoro 15
56%
Chelsea FC Defender Levi Colwill 6
56%
Southampton FC Midfielder Mateus Fernandes 18
56%
Aston Villa Midfielder Morgan Rogers 27
56%
Fulham FC Forward Raúl Jiménez 7
56%
Chelsea FC Midfielder Roméo Lavia 45
56%
Tottenham Hotspur Defender Ben Davies 33
55%
Liverpool FC Goalkeeper Harvey Davies 95
55%
Manchester United Defender Luke Shaw 23
55%
Manchester United Defender Noussair Mazraoui 3
55%
Southampton FC Goalkeeper Aaron Ramsdale 30
54%
AFC Bournemouth Forward Antoine Semenyo 24
54%
Aston Villa Midfielder Boubacar Kamara 44
54%
Newcastle United Defender Dan Burn 33
54%
AFC Bournemouth Forward Justin Kluivert 19
54%
Brighton & Hove Albion Defender Lewis Dunk 5
54%
Ipswich Town Forward Liam Delap 19
54%
Crystal Palace Defender Marc Guéhi 6
54%
Tottenham Hotspur Defender Pedro Porro 23
54%
AFC Bournemouth Midfielder Tyler Adams 12
54%
Chelsea FC Defender Wesley Fofana 29
54%
West Ham United Goalkeeper Alphonse Areola 23
53%
Everton FC Forward Beto 14
53%
Chelsea FC Forward David Datro Fofana 23
53%
Aston Villa Midfielder Jacob Ramsey 41
53%
Chelsea FC Midfielder Kiernan Dewsbury-Hall 22
53%
Aston Villa Forward Marco Asensio 21
53%
Newcastle United Goalkeeper Martin Dúbravka 1
53%
Tottenham Hotspur Midfielder Rodrigo Bentancur 30
53%
Fulham FC Defender Antonee Robinson 33
52%
Brighton & Hove Albion Forward Danny Welbeck 18
52%
Chelsea FC Goalkeeper Filip Jørgensen 12
52%
West Ham United Forward Jarrod Bowen 20
52%
Nottingham Forest Goalkeeper Matz Sels 26
52%
Newcastle United Defender Sven Botman 4
52%
Brentford FC Manager Thomas Frank
52%
Tottenham Hotspur Forward Timo Werner 16
52%
West Ham United Midfielder Tomas Soucek 28
52%
Aston Villa Defender Axel Disasi 3
51%
Chelsea FC Forward Christopher Nkunku 18
51%
AFC Bournemouth Defender Dean Huijsen 2
51%
Newcastle United Manager Eddie Howe
51%
Chelsea FC Defender Malo Gusto 27
51%
Brentford FC Goalkeeper Mark Flekken 1
51%
West Ham United Forward Michail Antonio 9
51%
Tottenham Hotspur Defender Radu Drăgușin 6
51%
Everton FC Defender Vitaliy Mykolenko 19
51%
Fulham FC Forward Alex Iwobi 17
50%
Manchester United Goalkeeper Altay Bayındır 1
50%
Chelsea FC Defender Benoît Badiashile 5
50%
Everton FC Manager David Moyes
50%
Tottenham Hotspur Defender Destiny Udogie 13
50%
AFC Bournemouth Forward Evanilson 9
50%
Chelsea FC Forward Jadon Sancho 19
50%
Newcastle United Defender Kieran Trippier 2
50%
Nottingham Forest Defender Neco Williams 7
50%
Chelsea FC Forward Noni Madueke 11
50%
Nottingham Forest Forward Anthony Elanga 21
49%
Brentford FC Midfielder Christian Nørgaard 6
49%
Everton FC Forward Dominic Calvert-Lewin 9
49%
Everton FC Defender James Tarkowski 6
49%
Liverpool FC Defender Jarell Quansah 78
49%
Brentford FC Forward Mikkel Damsgaard 24
49%
Nottingham Forest Manager Nuno Espírito Santo
49%
Brighton & Hove Albion Defender Pervis Estupiñán 30
49%
Crystal Palace Defender Daniel Muñoz 12
48%
Leicester City Goalkeeper Danny Ward 1
48%
Tottenham Hotspur Forward Dominic Solanke 19
48%
AFC Bournemouth Defender Ilya Zabarnyi 27
48%
Crystal Palace Defender Joel Ward 2
48%
Manchester United Defender Jonny Evans 35
48%
Newcastle United Defender Lewis Hall 20
48%
Wolverhampton Wanderers Forward Matheus Cunha 10
48%
Tottenham Hotspur Midfielder Yves Bissouma 8
48%
Fulham FC Forward Adama Traoré 11
47%
Everton FC Forward Armando Broja 22
47%
West Ham United Midfielder Lucas Paquetá 10
47%
West Ham United Goalkeeper Lukasz Fabianski 1
47%
Manchester United Defender Patrick Dorgu 13
47%
Wolverhampton Wanderers Midfielder Boubacar Traoré 6
46%
Aston Villa Forward Donyell Malen 17
46%
Aston Villa Defender Ian Maatsen 22
46%
Chelsea FC Forward Marc Guiu 38
46%
Everton FC Defender Séamus Coleman 23
46%
AFC Bournemouth Manager Andoni Iraola
45%
Crystal Palace Forward Eddie Nketiah 9
45%
Newcastle United Forward Harvey Barnes 11
45%
Fulham FC Defender Joachim Andersen 5
45%
Nottingham Forest Defender Murillo 5
45%
Fulham FC Defender Calvin Bassey 3
44%
Brighton & Hove Albion Midfielder Carlos Baleba 20
44%
Wolverhampton Wanderers Forward Hee-chan Hwang 11
44%
Brentford FC Forward Keane Lewis-Potter 23
44%
Brentford FC Forward Kevin Schade 7
44%
Tottenham Hotspur Midfielder Lucas Bergvall 15
44%
AFC Bournemouth Defender Marcos Senesi 5
44%
Manchester City Goalkeeper Scott Carson 33
44%
Brighton & Hove Albion Forward Yankuba Minteh 17
44%
Fulham FC Midfielder Andreas Pereira 18
43%
Tottenham Hotspur Manager Ange Postecoglou
43%
West Ham United Midfielder Edson Álvarez 19
43%
AFC Bournemouth Forward Enes Ünal 26
43%
Everton FC Midfielder Idrissa Gueye 27
43%
Newcastle United Forward Jacob Murphy 23
43%
Wolverhampton Wanderers Midfielder João Gomes 8
43%
Tottenham Hotspur Forward Mathys Tel 11
43%
Everton FC Defender Michael Keane 5
43%
West Ham United Forward Mohammed Kudus 14
43%
Manchester City Midfielder Nico González 14
43%
Nottingham Forest Defender Nikola Milenković 31
43%
Leicester City Defender Ricardo Pereira 21
43%
Wolverhampton Wanderers Midfielder Rodrigo Gomes 19
43%
Brighton & Hove Albion Defender Tariq Lamptey 2
43%
Newcastle United Defender Tino Livramento 21
43%
Wolverhampton Wanderers Manager Vítor Pereira
43%
Crystal Palace Midfielder Adam Wharton 20
42%
Crystal Palace Midfielder Daichi Kamada 18
42%
Nottingham Forest Midfielder Elliot Anderson 8
42%
West Ham United Forward Evan Ferguson 34
42%
Tottenham Hotspur Defender Kevin Danso 4
42%
West Ham United Forward Niclas Füllkrug 11
42%
Crystal Palace Manager Oliver Glasner
42%
Everton FC Midfielder Abdoulaye Doucouré 16
41%
Crystal Palace Midfielder Cheick Doucouré 28
41%
Crystal Palace Defender Chris Richards 26
41%
Brighton & Hove Albion Midfielder James Milner 6
41%
Wolverhampton Wanderers Forward Jørgen Strand Larsen 9
41%
AFC Bournemouth Midfielder Lewis Cook 4
41%
Nottingham Forest Defender Ola Aina 34
41%
Wolverhampton Wanderers Defender Rayan Aït-Nouri 3
41%
Crystal Palace Defender Tyrick Mitchell 3
41%
West Ham United Defender Vladimír Coufal 5
41%
Leicester City Midfielder Wilfred Ndidi 6
41%
Leicester City Defender Wout Faes 3
41%
Crystal Palace Defender Ben Chilwell 25
40%
Everton FC Forward Iliman Ndiaye 10
40%
Manchester City Midfielder James McAtee 87
40%
Brighton & Hove Albion Defender Jan Paul van Hecke 29
40%
Crystal Palace Goalkeeper Matt Turner 30
40%
Chelsea FC Defender Trevoh Chalobah 23
40%
Tottenham Hotspur Defender Archie Gray 14
39%
Nottingham Forest Forward Callum Hudson-Odoi 14
39%
AFC Bournemouth Forward Dango Ouattara 11
39%
Fulham FC Midfielder Emile Smith Rowe 32
39%
Brentford FC Defender Ethan Pinnock 5
39%
Crystal Palace Midfielder Jefferson Lerma 8
39%
Crystal Palace Defender Maxence Lacroix 5
39%
Brentford FC Defender Nathan Collins 22
39%
Leicester City Forward Patson Daka 20
39%
Fulham FC Midfielder Sander Berge 16
39%
Wolverhampton Wanderers Forward Enso González 30
38%
West Ham United Manager Graham Potter
38%
Brighton & Hove Albion Defender Igor 3
38%
Everton FC Defender Jarrad Branthwaite 32
38%
West Ham United Defender Konstantinos Mavropanos 15
38%
Fulham FC Forward Rodrigo Muniz 9
38%
Fulham FC Defender Timothy Castagne 21
38%
Manchester United Goalkeeper Tom Heaton 22
38%
Ipswich Town Goalkeeper Arijanet Muric 1
37%
Everton FC Goalkeeper Asmir Begovic 31
37%
Brighton & Hove Albion Forward Georginio Rutter 14
37%
Aston Villa Midfielder Ross Barkley 6
37%
Leicester City Manager Ruud van Nistelrooy
37%
AFC Bournemouth Forward David Brooks 7
36%
Brentford FC Forward Igor Thiago 9
36%
Brighton & Hove Albion Goalkeeper Jason Steele 23
36%
Leicester City Forward Jordan Ayew 18
36%
AFC Bournemouth Midfielder Ryan Christie 10
36%
Fulham FC Midfielder Saša Lukić 20
36%
Newcastle United Midfielder Sean Longstaff 36
36%
West Ham United Defender Aaron Wan-Bissaka 29
35%
West Ham United Defender Emerson 33
35%
Brighton & Hove Albion Manager Fabian Hürzeler
35%
Tottenham Hotspur Goalkeeper Fraser Forster 20
35%
Southampton FC Defender Jan Bednarek 35
35%
Brighton & Hove Albion Defender Joël Veltman 34
35%
Ipswich Town Midfielder Julio Enciso 9
35%
Brentford FC Defender Kristoffer Ajer 20
35%
Newcastle United Midfielder Lewis Miley 67
35%
Nottingham Forest Forward Taiwo Awoniyi 9
35%
Brentford FC Midfielder Vitaly Janelt 27
35%
Crystal Palace Midfielder Will Hughes 19
35%
Nottingham Forest Defender Álex Moreno 19
34%
Everton FC Midfielder Dwight McNeil 7
34%
Brighton & Hove Albion Defender Ferdi Kadıoğlu 24
34%
West Ham United Midfielder James Ward-Prowse 8
34%
Newcastle United Midfielder Joe Willock 28
34%
Fulham FC Defender Kenny Tete 2
34%
Brentford FC Midfielder Mathias Jensen 8
34%
Fulham FC Midfielder Tom Cairney 10
34%
Tottenham Hotspur Defender Djed Spence 24
33%
Leicester City Goalkeeper Mads Hermansen 30
33%
Manchester City Defender Vitor Reis 22
33%
Newcastle United Defender Emil Krafth 17
32%
Everton FC Defender Jake O'Brien 15
32%
Newcastle United Defender Jamaal Lascelles 6
32%
Ipswich Town Defender Leif Davis 3
32%
Ipswich Town Midfielder Omari Hutchinson 20
32%
Tottenham Hotspur Forward Wilson Odobert 28
32%
West Ham United Forward Crysencio Summerville 7
31%
Everton FC Midfielder James Garner 37
31%
Wolverhampton Wanderers Defender Matt Doherty 2
31%
Everton FC Defender Nathan Patterson 2
31%
Tottenham Hotspur Defender Sergio Reguilón 3
31%
Brighton & Hove Albion Forward Simon Adingra 11
31%
Fulham FC Forward Willian 22
31%
Everton FC Defender Ashley Young 18
30%
Brentford FC Defender Ben Mee 16
30%
West Ham United Midfielder Guido Rodríguez 24
30%
Fulham FC Defender Issa Diop 31
30%
Ipswich Town Midfielder Kalvin Phillips 8
30%
Ipswich Town Manager Kieran McKenna
30%
Brentford FC Defender Rico Henry 3
30%
Brighton & Hove Albion Forward Solly March 7
30%
Chelsea FC Defender Tosin Adarabioyo 4
30%
Brighton & Hove Albion Defender Adam Webster 4
29%
AFC Bournemouth Midfielder Alex Scott 8
29%
West Ham United Midfielder Carlos Soler 4
29%
Brentford FC Midfielder Fábio Carvalho 14
29%
Leicester City Midfielder Harry Winks 8
29%
Nottingham Forest Midfielder Ibrahim Sangaré 6
29%
Everton FC Forward Jack Harrison 11
29%
West Ham United Defender Jean-Clair Todibo 25
29%
AFC Bournemouth Defender Julio Soler 20
29%
Southampton FC Defender Kyle Walker-Peters 2
29%
AFC Bournemouth Forward Luis Sinisterra 17
29%
Brighton & Hove Albion Midfielder Matt O'Riley 33
29%
West Ham United Defender Maximilian Kilman 26
29%
Wolverhampton Wanderers Goalkeeper Sam Johnstone 31
29%
West Ham United Defender Aaron Cresswell 3
28%
Brentford FC Defender Aaron Hickey 2
28%
Tottenham Hotspur Goalkeeper Antonín Kinský 31
28%
Manchester United Defender Ayden Heaven 26
28%
Leicester City Forward Bobby De Cordova-Reid 14
28%
Leicester City Midfielder Facundo Buonanotte 40
28%
Brighton & Hove Albion Midfielder Jack Hinshelwood 41
28%
Leicester City Defender James Justin 2
28%
Leicester City Defender Jannik Vestergaard 23
28%
Tottenham Hotspur Forward Mikey Moore 47
28%
Newcastle United Goalkeeper Odysseas Vlachodimos 19
28%
Nottingham Forest Defender Willy Boly 30
28%
Brighton & Hove Albion Midfielder Yasin Ayari 26
28%
AFC Bournemouth Midfielder Marcus Tavernier 16
27%
Nottingham Forest Midfielder Nicolás Domínguez 16
27%
Chelsea FC Forward Tyrique George 32
27%
Leicester City Midfielder Bilal El Khannouss 11
26%
Fulham FC Midfielder Harrison Reed 6
26%
AFC Bournemouth Defender Julián Araujo 22
26%
Crystal Palace Defender Nathaniel Clyne 17
26%
Fulham FC Forward Reiss Nelson 19
26%
Brighton & Hove Albion Forward Brajan Gruda 8
25%
Leicester City Defender Conor Coady 4
25%
West Ham United Forward Danny Ings 18
25%
Leicester City Defender Luke Thomas 33
25%
Wolverhampton Wanderers Defender Nélson Semedo 22
25%
Nottingham Forest Midfielder Ryan Yates 22
25%
Liverpool FC Goalkeeper Vitezslav Jaros 56
25%
Wolverhampton Wanderers Midfielder André 7
24%
Aston Villa Defender Andrés García 16
24%
Leicester City Midfielder Oliver Skipp 22
24%
Ipswich Town Midfielder Sam Morsy 5
24%
Southampton FC Forward Tyler Dibling 33
24%
Newcastle United Forward William Osula 18
24%
Southampton FC Defender Armel Bella-Kotchap 37
23%
Ipswich Town Defender Axel Tuanzebe 40
23%
Southampton FC Manager Ivan Juric
23%
Everton FC Forward Jesper Lindstrøm 29
23%
Everton FC Goalkeeper João Virgínia 12
23%
Chelsea FC Goalkeeper Marcus Bettinelli 13
23%
Everton FC Midfielder Orel Mangala 8
23%
Leicester City Forward Stephy Mavididi 10
23%
Manchester United Midfielder Toby Collyer 43
23%
Southampton FC Midfielder Adam Lallana 10
22%
Tottenham Hotspur Goalkeeper Brandon Austin 40
22%
Everton FC Midfielder Carlos Alcaraz 24
22%
Brighton & Hove Albion Midfielder Mats Wieffer 27
22%
Leicester City Forward Odsonne Edouard 27
22%
Wolverhampton Wanderers Defender Santiago Bueno 4
22%
Southampton FC Defender Taylor Harwood-Bellis 6
22%
Southampton FC Defender Yukinari Sugawara 16
22%
Crystal Palace Defender Chadi Riad 34
21%
Leicester City Forward Issahaku Fatawu 7
21%
Brentford FC Defender Ji-soo Kim 36
21%
Southampton FC Midfielder Lesley Ugochukwu 26
21%
Nottingham Forest Goalkeeper Wayne Hennessey 13
21%
Southampton FC Goalkeeper Alex McCarthy 1
20%
Leicester City Midfielder Boubakary Soumaré 24
20%
Nottingham Forest Midfielder Danilo 28
20%
Wolverhampton Wanderers Midfielder Jean-Ricner Bellegarde 27
20%
Southampton FC Midfielder Joe Aribo 7
20%
Chelsea FC Defender Josh Acheampong 34
20%
Fulham FC Midfielder Josh King 24
20%
Southampton FC Forward Kamaldeen Sulemana 20
20%
Aston Villa Midfielder Lamare Bogarde 26
20%
Wolverhampton Wanderers Forward Pablo Sarabia 21
20%
Wolverhampton Wanderers Goalkeeper Tom King 40
20%
Wolverhampton Wanderers Defender Toti 24
20%
Leicester City Defender Victor Kristiansen 16
20%
Leicester City Defender Caleb Okoli 5
19%
Fulham FC Forward Carlos Vinícius 12
19%
Wolverhampton Wanderers Defender Craig Dawson 15
19%
Ipswich Town Defender Dara O'Shea 26
19%
Chelsea FC Forward Deivid Washington 36
19%
Ipswich Town Forward Jack Clarke 47
19%
AFC Bournemouth Defender James Hill 23
19%
Newcastle United Defender Matt Targett 13
19%
Southampton FC Forward Paul Onuachu 32
19%
Liverpool FC Midfielder Tyler Morton 80
19%
Southampton FC Forward Cameron Archer 19
18%
Leicester City Defender Harry Souttar 15
18%
Ipswich Town Defender Jacob Greaves 24
18%
Ipswich Town Forward Jaden Philogene 29
18%
Brentford FC Midfielder Josh Dasilva 10
18%
Crystal Palace Midfielder Justin Devenny 55
18%
Crystal Palace Midfielder Matheus França 11
18%
Brentford FC Defender Michael Kayode 33
18%
Nottingham Forest Defender Morato 4
18%
Fulham FC Defender Ryan Sessegnon 30
18%
Ipswich Town Forward Sammie Szmodics 23
18%
Wolverhampton Wanderers Forward Gonçalo Guedes 29
17%
Aston Villa Defender Kortney Hause 30
17%
Chelsea FC Goalkeeper Lucas Bergström 47
17%
Wolverhampton Wanderers Forward Nathan Fraser 63
17%
Southampton FC Forward Ryan Fraser 24
17%
Wolverhampton Wanderers Forward Sasa Kalajdzic 18
17%
Southampton FC Midfielder Will Smallbone 8
17%
Southampton FC Defender Charlie Taylor 21
16%
Everton FC Forward Chermiti 17
16%
AFC Bournemouth Forward Daniel Jebbison 21
16%
Wolverhampton Wanderers Defender Emmanuel Agbadou 12
16%
Ipswich Town Midfielder Jack Taylor 14
16%
Ipswich Town Midfielder Jens Cajuste 12
16%
Brentford FC Midfielder Yegor Yarmolyuk 18
16%
Brentford FC Goalkeeper Hákon Rafn Valdimarsson 12
15%
Southampton FC Defender Jack Stephens 5
15%
Manchester City Defender Jahmai Simpson-Pusey 66
15%
Fulham FC Defender Jorge Cuenca 15
15%
Crystal Palace Midfielder Romain Esse 21
15%
Tottenham Hotspur Goalkeeper Alfie Whiteman 41
14%
Tottenham Hotspur Forward Dane Scarlett 44
14%
Leicester City Goalkeeper Daniel Iversen 31
14%
Wolverhampton Wanderers Midfielder Marshall Munetsi 5
14%
Everton FC Midfielder Tim Iroegbunam 42
14%
Wolverhampton Wanderers Defender Yerson Mosquera 14
14%
Ipswich Town Forward George Hirst 27
13%
West Ham United Forward Luis Guilherme 17
13%
Nottingham Forest Forward Ramón Sosa 24
13%
Wolverhampton Wanderers Midfielder Tommy Doyle 20
13%
Chelsea FC Defender Aarón Anselmino 30
12%
Southampton FC Midfielder Flynn Downes 4
12%
Nottingham Forest Defender Harry Toffolo 15
12%
Ipswich Town Forward Wes Burns 7
12%
Ipswich Town Defender Cameron Burgess 15
11%
Ipswich Town Forward Conor Chaplin 10
11%
Newcastle United Goalkeeper John Ruddy 26
11%
Leicester City Forward Kasey McAteer 35
11%
Ipswich Town Midfielder Massimo Luongo 25
11%
Fulham FC Goalkeeper Steven Benda 23
11%
Nottingham Forest Goalkeeper Carlos Miguel 33
10%
Ipswich Town Forward Chiedozie Ogbene 21
10%
Ipswich Town Goalkeeper Christian Walton 28
10%
Ipswich Town Defender Conor Townsend 22
10%
Leicester City Goalkeeper Jakub Stolarczyk 41
10%
Ipswich Town Defender Luke Woolfenden 6
10%
Ipswich Town Forward Nathan Broadhead 33
10%
Southampton FC Forward Ross Stewart 11
10%
Southampton FC Defender Ryan Manning 3
10%
Ipswich Town Defender Ben Godfrey 44
9%
Wolverhampton Wanderers Goalkeeper Daniel Bentley 25
9%
Chelsea FC Midfielder Mathis Amougou 39
9%
Crystal Palace Goalkeeper Remi Matthews 31
9%
West Ham United Goalkeeper Wes Foderingham 21
9%
AFC Bournemouth Goalkeeper Will Dennis 40
9%
Brentford FC Midfielder Yunus Emre Konak 26
9%
Newcastle United Goalkeeper Mark Gillespie 29
8%
Leicester City Defender Woyo Coulibaly 25
8%
West Ham United Midfielder Andrew Irving 39
7%
Brighton & Hove Albion Defender Eiran Cashin 16
7%
Southampton FC Defender James Bree 14
7%
Wolverhampton Wanderers Defender Pedro Lima 37
7%
Brighton & Hove Albion Goalkeeper Tom McGill 37
7%
Southampton FC Midfielder Albert Grønbaek 29
6%
Nottingham Forest Midfielder Eric da Silva Moreira 17
6%
Southampton FC Defender Welington 34
6%
Wolverhampton Wanderers Forward Carlos Forbs 26
5%
Brighton & Hove Albion Goalkeeper Carl Rushworth 39
5%
Ipswich Town Goalkeeper Cieran Slicker 13
5%
Southampton FC Goalkeeper Joe Lumley 13
5%
Southampton FC Defender Juan Larios 28
5%
Brentford FC Midfielder Paris Maghoma 32
5%
Crystal Palace Defender Caleb Kporha 58
4%
West Ham United Defender Kaelan Casey 42
4%
AFC Bournemouth Defender Matai Akinmboni 45
4%
Leicester City Midfielder Michael Golding 34
4%
Wolverhampton Wanderers Defender Nasser Djiga 34
4%
Wolverhampton Wanderers Defender Bastien Meupiyou 33
3%
Crystal Palace Forward Malcolm Ebiowei 23
3%
Fulham FC Forward Martial Godo 47
3%
Crystal Palace Forward Franco Umeh-Chibueze 46
2%
Southampton FC Defender Joachim Kayi Sanda 39
2%
Crystal Palace Midfielder Kaden Rodney 42
2%
AFC Bournemouth Defender Max Kinsey 48
1%
No matching quizzes found
Score Distribution
Percent of People with Each Score
Percentile by Number Answered
Your Score History
You have not taken this quiz